000 00321nam a2200121Ia 4500
005 20251222155128.0
008 251222s9999||||xx |||||||||||||| ||spa||
082 _aADM.53.1-2/Ej.2
100 _aDELGADO DE LA Flor
245 0 _aLa acreditación de las universidades peruanas origenes
264 _bNo tiene
942 _cLIB
999 _c38692
_d38692